21st century defense strategy guidance and defense reduction considerations / (Record no. 8832)

000 -LEADER
fixed length control field 01859cam a2200313 i 4500
003 - CONTROL NUMBER IDENTIFIER
control field OSt
005 - DATE AND TIME OF LATEST TRANSACTION
control field 20210223164203.0
008 - FIXED-LENGTH DATA ELEMENTS--GENERAL INFORMATION
fixed length control field 130422s2012 nyua b 001 0 eng
010 ## - LIBRARY OF CONGRESS CONTROL NUMBER
LC control number 2013474704
020 ## - INTERNATIONAL STANDARD BOOK NUMBER
International Standard Book Number 9780815365617
040 ## - CATALOGING SOURCE
Original cataloging agency DLC
Language of cataloging eng
Description conventions rda
Transcribing agency DLC
042 ## - AUTHENTICATION CODE
Authentication code pcc
043 ## - GEOGRAPHIC AREA CODE
Geographic area code n-us---
082 ## - DEWEY DECIMAL CLASSIFICATION NUMBER
Classification number 696
Item number TYM
245 00 - TITLE STATEMENT
Title 21st century defense strategy guidance and defense reduction considerations /
Statement of responsibility, etc Betsey J. Robertson and Barlow E. Morris, editors.
246 3# - VARYING FORM OF TITLE
Title proper/short title Twenty-first century defense strategy guidance and defense reduction considerations
300 ## - PHYSICAL DESCRIPTION
Extent ix, 111 pages :
Other physical details illustrations ;
Dimensions 24 cm.
490 0# - SERIES STATEMENT
Series statement Defense, security and strategies
504 ## - BIBLIOGRAPHY, ETC. NOTE
Bibliography, etc Includes bibliographical references and index.
505 0# - FORMATTED CONTENTS NOTE
Formatted contents note In brief: Assessing DOD's new strategic guidance / Catherine Dale and Pat Towell -- Remarks by President Obama on the Defense Strategic Review -- Statement on Defense Strategic Guidance as delivered by Secretary of Defense Leon E. Panetta, Press Briefing Room, the Pentagon, Washington, DC -- Sustaining US global leadership: priorities for 21st century defense / The Department of Defense -- Once again, the challenge to the US Army during a defense reduction : to remain a military profession / Don M. Snider -- A historical perspective on "hollow forces" / Andrew Feickert and Stephen Daggett -- Linking the readiness of the Armed Forces to DoD's operation and maintenance spending / Congressional Budget Office.
651 #0 - SUBJECT ADDED ENTRY--GEOGRAPHIC NAME
Geographic name United States
General subdivision Military policy.
651 #0 - SUBJECT ADDED ENTRY--GEOGRAPHIC NAME
Geographic name United States
General subdivision Defenses.
651 #0 - SUBJECT ADDED ENTRY--GEOGRAPHIC NAME
Geographic name United States
General subdivision Defenses
-- Decision making.
651 #0 - SUBJECT ADDED ENTRY--GEOGRAPHIC NAME
Geographic name United States
General subdivision Armed Forces
-- Operational readiness.
651 #0 - SUBJECT ADDED ENTRY--GEOGRAPHIC NAME
Geographic name Strategy
Geographic subdivision United States.
700 1# - ADDED ENTRY--PERSONAL NAME
Personal name Robertson, Betsey J.,
Relator term editor of compilation.
700 1# - ADDED ENTRY--PERSONAL NAME
Personal name Morris, Barlow E.,
Relator term editor of compilation.
942 ## - ADDED ENTRY ELEMENTS (KOHA)
Source of classification or shelving scheme
Holdings
Withdrawn status Lost status Source of classification or shelving scheme Damaged status Koha normalized classification for sorting Not for loan Permanent location Current location Date acquired Full call number Barcode Date last seen Price effective from Koha item type
        696_000000000000000_TYM   BMS College of Architecture, Design and Planning BMS College of Architecture, Design and Planning 2021-02-23 696 TYM AR-UG2158 2021-02-23 2021-02-23 UG Books
Copyright © 2025, The Librarian, Library and Information Centre, BMSCA D&P, Bengaluru. All Rights Reserved
web counter

Powered by Koha